The Death of Sigmund Freud : (Record no. 587417)

MARC details
000 -LEADER
fixed length control field 00524nam a2200193 a 4500
008 - FIXED-LENGTH DATA ELEMENTS--GENERAL INFORMATION
fixed length control field 250916s2008##################000#0#eng##
020 ## - INTERNATIONAL STANDARD BOOK NUMBER
ISBN 9780747592983
082 04 - DEWEY DECIMAL CLASSIFICATION NUMBER
Classification number 150.1952092
Item number EDM
100 1# - MAIN ENTRY--AUTHOR NAME
Personal name Edmundson, Mark,
245 10 - TITLE STATEMENT
Title The Death of Sigmund Freud :
260 ## - PUBLICATION, DISTRIBUTION, ETC. (IMPRINT)
Name of publisher Bloomsbury Paperbacks,
Year of publication 2008.
300 ## - PHYSICAL DESCRIPTION
Number of Pages 276 pages
650 #0 - SUBJECT ADDED ENTRY--TOPICAL TERM
Topical Term Biography & Autobiography.
942 ## - ADDED ENTRY ELEMENTS (KOHA)
Koha item type English Books
Holdings
Withdrawn status Lost status Damaged status Not for loan Home library Current library Shelving location Date acquired Full call number Accession Number Price effective from Koha item type
        Anna Centenary Library Anna Centenary Library 3RD FLOOR, A WING 16.09.2025 150.1952092 EDM 391701 16.09.2025 English Books

Find us on the map